Speeches delivered by Zulfikar Ali Bhutto, Foreign Minister of Pakistan before the United Nations , September 22- October 25, 1965 / (Record no. 47394)
[ view plain ]
| 000 -LEADER | |
|---|---|
| fixed length control field | 00874nam a2200229 a 4500 |
| 001 - CONTROL NUMBER | |
| control field | 47394 |
| 003 - CONTROL NUMBER IDENTIFIER | |
| rucl marc code | BD-RjUL |
| 005 - DATE AND TIME OF LATEST TRANSACTION | |
| control field | 20211209054315.0 |
| 008 - FIXED-LENGTH DATA ELEMENTS--GENERAL INFORMATION | |
| fixed length control field | 190420s1965 pk ||||| |||| 00| 0 ben d |
| 035 ## - SYSTEM CONTROL NUMBER | |
| System control number | (BD-RjUL)47513 |
| 040 ## - CATALOGING SOURCE | |
| Original cataloging agency | BD-RjUL |
| Language of cataloging | eng |
| Transcribing agency | BD-RjUL |
| Modifying agency | BD-RjUL |
| 041 ## - LANGUAGE CODE | |
| Language code of text/sound track or separate title | eng |
| 082 ## - DEWEY DECIMAL CLASSIFICATION NUMBER | |
| Edition number | 23 |
| Classification number | 327.549 |
| Author mark and year | BHE 1965 |
| 100 1# - MAIN ENTRY--PERSONAL NAME | |
| Personal name | Bhutto, Zulfikar Ali |
| 9 (RLIN) | 230906 |
| 245 10 - TITLE STATEMENT | |
| Title | Speeches delivered by Zulfikar Ali Bhutto, Foreign Minister of Pakistan before the United Nations , September 22- October 25, 1965 / |
| Statement of responsibility, etc. | Zulfikar Ali Bhutto ; Pakistan. Ministry of Foreign Affairs |
| 260 ## - PUBLICATION, DISTRIBUTION, ETC. (IMPRINT) | |
| Place of publication, distribution, etc. | Karachi : |
| Name of publisher, distributor, etc. | Ministry of Foreign Affairs, |
| Date of publication, distribution, etc. | 1965 |
| 300 ## - PHYSICAL DESCRIPTION | |
| Pagination | 77 p. : |
| Size | 22 cm. |
| Illustrations | ill ; |
| 650 ## - SUBJECT ADDED ENTRY--TOPICAL TERM | |
| Topical term or geographic name as entry element | Pakistan |
| General subdivision | Foreign relations |
| 9 (RLIN) | 230907 |
| Topical term or geographic name as entry element | Pakistan |
| General subdivision | Politics and government |
| 9 (RLIN) | 230908 |
| 700 ## - ADDED ENTRY--PERSONAL NAME | |
| Personal name | Pakistan. Ministry of Foreign Affairs |
| 942 ## - ADDED ENTRY ELEMENTS (KOHA) | |
| Source of classification or shelving scheme | Dewey Decimal Classification |
| Koha item type | Rare Books |
| Lost status | Source of classification or shelving scheme | Damaged status | Not for loan | Collection code | Permanent Location | Current Location | Shelving location | Date acquired | Source of acquisition | Total Checkouts | Full call number | Date last seen | Copy number | Koha item type |
|---|---|---|---|---|---|---|---|---|---|---|---|---|---|---|
| Dewey Decimal Classification | Not For Loan | Rare Books | Central Library, University of Rajshahi | Central Library, University of Rajshahi | Rare Book Section | 18/11/2009 | Rajshahi, R. U. C. L. | RA 327.549 BHE 1965 | 20/04/2019 | C-1 | Rare Books |